000 00342pam a2200157a 44500
008 230405s2010 xxu||||| |||| 00| 0 eng d
041 _aENG
100 _aDesai Apurva A
245 _aComputer Graphics
250 _a1
260 _a
_bPHI PUBLICATION 1
_c2010
300 _a347p,23cm
440 _a350
690 _aMCA
906 _a6925
999 _c259784
_d259784